000
00325pab a2200145 454500
008
180718b2003 xxu||||| |||| 00| 0 eng d
100
_a
Sandhya, B.
245
_a
Role of sub-inspector as a leader
260
_c
2003
300
_a
p.15-17.
362
_a
Mar
650
_a
Police
773
_a
CBI Bulletin
909
_a
57811
999
_c
57811
_d
57811